แสดงรายละเอียดบรรณานุกรม
  กลับหน้าหลัก

Brief Record : Get Marc (ISO 2709) : E-mail record : QR code ปิดหน้าต่าง
E-books : เกี่ยวกับ Collections
LEADER 00000nam 2200000uu 4500
001    211774
003     ULIBM
008    020711s2555 th a 000 0 tha d
020    9786162050978
041    ^atha
050  4 BF443 ก768ก 2555
100    เกรียงศักดิ์ เจริญวงศ์ศักดิ์
245    การคิดเชิงมโนทัศน์=^bConceptual thinking/^cเกรียงศักดิ์ เจริญวงศ์ศักดิ์
246 31 ^aConceptual thinking
250    พิมพ์ครั้งที่ 8
260    กรุงเทพฯ :^bซัคเซสมีเดีย,^c2555
300    xv,191 หน้า :^bภาพประกอบ ;^c21 ซม.
650  4 ความคิดและการคิด
650  4 ^aความคิดรวบยอด
856    ^zการคิดเชิงมโนทัศน์.pdf (สารบัญหนังสือ)^uhttp://110.164.94.213/ULIB62015//_fulltext/5/211774/20171023132156_1486.pdf
999    ^aใช้งานได้ทุกระบบ
รายการนี้ยังไม่มีแท็ก
คุณยังไม่ได้ล็อกอิน คุณสามารถมีกิจกรรมร่วมกับเว็บไซต์ได้ แต่ต้องล็อกอินก่อน ::
  ล็อกอิน
ลำดับที่ ประเภท เลขเรียก สถานที่ สถานะ
1. หนังสือทั่วไป
หนังสือทั่วไป
BF443 ก768ก 2555  
  
วิทยาศาสตร์สุขภาพ On Shelf
  ขอยืม
   [แสดง 1/1 รายการ]

รายการใกล้เคียง
    ผู้แต่ง [เกรียงศักดิ์ เจริญวงศ์ศักดิ์]

    หัวเรื่อง [ความคิดและการคิด]

BibComment


ยังไม่เคยถูกคอมเมนท์

คอมเมนท์ทรัพยากรรายการนี้
  คอมเมนท์: การคิดเชิงมโนทัศน..
Bib 211774

 
 
 

 Union Library Management : ULibM
Copyright 2026. All Rights Reserved.
скачать бесплатно без регистрации порно красивый секс HD Sex Hindi sex

xxx gou

xxxx

bfxxx

xxxwww

Секса Видео

xxxx

Секса Видео

detube

geilexxx

C99 Shell

worms shell

blod xxx video
Ebony Coed Rihanna Rimes Takes A Dick In Her Young Twat priyaa indian fuck anal and pusssy hardcore indian women xxx desi hardcore fucking part 1 bengalixxxcouple